000 00385nam a22001217a 4500
040 _cHS
082 _a362
100 _aវង្ស អែមសំអាន
245 _aរបៀបបង្កើតសំនួរក្នុងការអង្កេតបញ្ហាសង្គម
260 _aRUA
_bវង្ស អែមសំអាន
_c1999
300 _a79p;
942 _cKB
999 _c9329
_d9329